Every A and B City in Mexico, Central America and the Caribbean - Statistics

General Stats
  • This quiz has been taken 5 times
  • The average score is 29 of 43
Answer Stats
Answer Tier % Correct
Cancún B+
100%
Ciudad Juarez B+
100%
Guadalajara A-
100%
León B+
100%
Mexicali B+/B
100%
Mexico City A+
100%
Monterrey A-/B+
100%
Puebla B+
100%
San Luis Potosi B+
100%
Tijuana B+
100%
Aguascalientes B+/B
80%
Chihuahua B+/B
80%
Guatemala City B+
80%
Hermosillo B
80%
Managua B+/B
80%
Mérida B+
80%
Panama City B+/B
80%
San José B+
80%
San Pedro Sula B+/B
80%
San Salvador B+/B
80%
Tegucigalpa B+/B
80%
Torreón B+/B
80%
Culiacan B
60%
Kingston B
60%
Port-au-Prince B+
60%
Saltillo B+/B
60%
San Juan B+
60%
Santo Domingo B+
60%
Toluca B+
60%
Cuernavaca B+/B
40%
Durango B
40%
Havana B+
40%
Oaxaca de Juárez B+/B
40%
Puerto Vallarta B
40%
Santiago de Cuba B
40%
Santiago de los Caballeros B
40%
Santiago de Querétaro B+/B
40%
Tuxtla Guiterrez B
40%
Veracruz B+/B
40%
Mazatlan B
20%
Morelia B
20%
San Cristobal B
20%
Xalapa B
20%
No matching quizzes found
Score Distribution
Percent of People with Each Score
Percentile by Number Answered
Your Score History
You have not taken this quiz